| 000 | 00867nam a2200253 i 4500 | ||
|---|---|---|---|
| 001 | bg | ||
| 100 | 1 | _aBEZAK-MAZUR, Elżbieta | |
| 245 | 1 | 0 |
_aElementy toksykologii środowiskowej / _cElżbieta Bezak-Mazur. |
| 260 |
_aKielce : _bWydaw. PŚ, _c1999. |
||
| 300 |
_a172 s. : _brys., wykr. ; _c23 cm. |
||
| 490 | 1 |
_aSkrypty / [Politechnika Świętokrzyska], _x0239-6386 ; _v344 |
|
| 500 | _aU góry s. tyt. odmienna nazwa serii: Skrypt. | ||
| 504 | _aBibliogr. s. 171-172. | ||
| 650 | 9 | _aChemikalia a środowisko człowieka | |
| 650 | 9 |
_aŚrodowisko człowieka _xhigiena i ochrona |
|
| 650 | 9 | _aToksykologia | |
| 655 | _aPodręczniki akademickie | ||
| 830 | 0 |
_aSkrypty ([Politechnika Świętokrzyska]) ; _v344 |
|
| 040 | _cBPK | ||
| 041 | 0 | _apl | |
| 080 | _a54-4:614.7:614.87:615.9:504.05](075.8) | ||
| 942 | _cKS | ||
| 008 | s pl f |000 0 pol | ||
| 999 |
_c37763 _d37763 |
||
| 856 |
_uhttp://koha.tu.koszalin.pl/cgi-bin/koha/opac-detail.pl?biblionumber=37763 _yKatalog online BPK |
||